000 00694cam a2200157 4500
001 ABS61219
008 000000n1999 000 0 eng u
035 _a(Sirsi) u101818
245 _aSites of special scientific interest - Planning and Environment Law Reform Working Group report
260 _c1999
490 _aJournal of Planning and Environment Law
_vSeptember 1999, 789-796(8)
520 _aThe response of the Planning and Environment Law Reform Policy Group to the government consultation paper Sites of special scientific interest: better protection and management.
650 _aSITES OF SPECIAL SCIENTIFIC INTEREST
690 _aENVIRONMENTAL AND LAND CONSULTANCY
942 _n0
999 _c60930
_d60930